000 00389pab a2200121 454500
008 180718b xxu||||| |||| 00| 0 eng d
100 _aDas, Hrudaya Ballav
245 _aParliamentary privilege and independence of Judicion
650 _a Parliamentary - Privilege
650 _aLegislatures - Power of - India
773 _aJournal of Constitutional and Parliamentary Studies
909 _a23786
999 _c23786
_d23786